000 00310nam a22001337a 4500
008 181029b xxu||||| |||| 00| 0 eng d
020 _a2740205777816
041 _aeng
080 _a338
100 _a53
101 _aMAN
245 _aManagement Of Information Security
_cMICHAEL.e..w
942 _2udc
_cBK
999 _c50983
_d50983